书目信息 |
| 题名: |
微型传感器及其应用
|
|
| 作者: | 蒋蓁 编著 | |
| 分册: | ||
| 出版信息: | 北京 化学工业出版社 2005.08 |
|
| 页数: | 224页 | |
| 开本: | 26cm | |
| 丛书名: | 光机电一体化丛书 | |
| 单 册: | ||
| 中图分类: | TP212 | |
| 科图分类: | ||
| 主题词: | 传感器--chuan gan qi--基本知识 | |
| 电子资源: | ||
| ISBN: | 7-5025-6972-3 | |
| 000 | 00881nam 2200253 450 | |
| 001 | 012006674316 | |
| 005 | 20061030105724.46 | |
| 010 | @a7-5025-6972-3@dCNY32.00 | |
| 100 | @a20060610d2005 km y0chiy0120 ea | |
| 101 | 0 | @achi |
| 102 | @aCN@b110000 | |
| 105 | @aa a 000yy | |
| 200 | 1 | @a微型传感器及其应用@Awei xing chuan gan qi ji qi ying yong@f蒋蓁等编著@Fjiang zhen deng bian zhu |
| 210 | @a北京@c化学工业出版社@d2005.08 | |
| 215 | @a224页@c图@d26cm | |
| 225 | 2 | @a光机电一体化丛书@Aguang ji dian yi ti hua cong shu |
| 320 | @a有书目。 | |
| 330 | @a本书主要从普及的角度系统地介绍了各类微型传感器的基本原理,包括力与压力微传感器、速度与加速度微传感器、热微传感器等。 | |
| 410 | 0 | @12001 @a光机电一体化丛书 |
| 606 | 0 | @a传感器@Achuan gan qi@x基本知识 |
| 690 | @aTP212@v4 | |
| 701 | 0 | @a蒋蓁@Ajiang zhen@4编著 |
| 801 | 0 | @aCN@c20061030 |
| 905 | @a10447@dTP212@eL642 | |
| 微型传感器及其应用/蒋蓁等编著.-北京:化学工业出版社,2005.08 |
| 224页:图;26cm.-(光机电一体化丛书) |
| ISBN 7-5025-6972-3:CNY32.00 |
| 本书主要从普及的角度系统地介绍了各类微型传感器的基本原理,包括力与压力微传感器、速度与加速度微传感器、热微传感器等。 |
| ● |
| 相关链接 |
|
|
|
正题名:微型传感器及其应用
索取号:TP212/L642
 
预约/预借
| 序号 | 登录号 | 条形码 | 馆藏地/架位号 | 状态 | 备注 |
| 1 | 635005 | 206350054 | 自科二线404/404自科库 12排4列2层/ [索取号:TP212/L642] | 在馆 | |
| 2 | 635006 | 206350063 | 自科库301/301自科库 70排2列1层/ [索取号:TP212/L642] | 在馆 | |
| 3 | 635007 | 206350072 | 自科库301/301自科库 70排2列1层/ [索取号:TP212/L642] | 在馆 |